[Event "Challenge"]
[Site "http://www.queenalice.com/game.php?id=99970"]
[Date "2006.8.27"]
[Round "-"]
[White "victor_cretinu"]
[Black "Biazi"]
[Result "0-1"]
[WhiteElo "944"]
[BlackElo "1901"]

1. d3 d5 2. e4 dxe4 3. dxe4 Qxd1+ 4. Kxd1 e5 5. Bb5+ c6 6. Be2 Nf6 7. Bg5 Nxe4
8. Bc1 Nxf2+ 9. Ke1 Nxh1 10. Nc3 Bc5 11. Nf3 Nd7 12. a3 Nf2 13. b4 Bb6 14. Rb1
Ng4 15. Nd2 Ndf6 16. Nf3 O-O 17. h3 Ne3 18. Kf2 Nxc2+ 19. Kf1 Bf5 20. Bd1 Ne3+
21. Kf2 Nxd1+ 22. Ke2 Nxc3+ 23. Kd2 Nxb1+ 24. Ke2 Rad8 25. Ne1 Nc3+ 26. Kf1 Nfe4
27. g4 Be6 28. Kg2 Rd1 29. Bg5 Rxe1 30. Bd2 Nxd2 31. Kg3 g5 32. Kg2 Bd5+ 33. Kg3
Re2 34. h4 Bf2+ 35. Kh2 Be3+ 36. Kh3 Bf4 37. hxg5 Rh2# 0-1

[Event "Challenge"]
[Site "http://www.queenalice.com/game.php?id=99972"]
[Date "2006.8.27"]
[Round "-"]
[White "victor_cretinu"]
[Black "Biazi"]
[Result "0-1"]
[WhiteElo "944"]
[BlackElo "1901"]

1. d3 d5 2. e4 dxe4 3. f3 exd3 4. cxd3 Nf6 5. Bg5 e5 6. h3 Be7 7. Bd2 Bf5 8. Qc2
Nc6 9. g4 Bg6 10. h4 h5 11. Rh2 hxg4 12. Rg2 Nd4 13. Qa4+ Qd7 14. Qd1 gxf3 15.
Rf2 Ng4 16. Bh3 Bxh4 17. Be3 f5 18. Qc1 Nxe3 19. a4 Bxf2+ 20. Kxf2 Nec2 21. Ra2
Qd6 22. Bf1 Rh2+ 23. Kg3 e4+ 24. Qf4 Qxf4+ 25. Kxf4 Rh1 26. Kg5 Rxg1+ 27. Kf4
Rxf1 28. a5 Rxb1 29. Ra4 exd3 30. Kg5 Kf7 31. b4 Ne6+ 32. Kh4 Rg1 33. Kh3 Rh8#
0-1

[Event "VAMOS JOGAR"]
[Site "http://www.queenalice.com/game.php?id=101189"]
[Date "2006.8.31"]
[Round "-"]
[White "Romulo"]
[Black "victor_cretinu"]
[Result "1-0"]
[WhiteElo "1318"]
[BlackElo "1100"]

1. e4 d6 2. d4 e5 3. dxe5 dxe5 4. Qxd8+ Kxd8 5. Nf3 Bb4+ 6. c3 Ba5 7. Nxe5 Ke8
8. Bc4 Kd8 9. Nxf7+ Ke7 10. Nxh8 Kf6 11. Nd2 Bd7 12. Bxg8 g6 13. Nf3 Bg4 14. e5+
Ke7 15. Ng5 Kf8 16. Bd5 h6 17. Nxg6+ Kg7 18. Nh4 c6 19. Bf7 Nd7 20. e6 Rd8 21.
e7 Rg8 22. Bxg8 Kxg8 23. e8=Q+ Kg7 24. Qf7+ Kh8 25. Qh7# 1-0

[Event "Don Corleone"]
[Site "http://www.queenalice.com/game.php?id=101452"]
[Date "2006.9.1"]
[Round "-"]
[White "victor_cretinu"]
[Black "franzjonas"]
[Result "0-1"]
[WhiteElo "1009"]
[BlackElo "1746"]

1. d3 d5 2. e4 Nc6 3. c3 Nf6 4. Be2 dxe4 5. Na3 Bf5 6. Qd2 exd3 7. Bf3 Ne4 8.
Qd1 Ne5 9. g3 d2+ 10. Kf1 Nd3 11. Bxd2 Nxb2 12. Qe1 Nxd2+ 13. Qxd2 Qxd2 14. Nb1
Qd3+ 15. Be2 Qe4 16. f3 Qe3 17. g4 Qc1+ 18. Kf2 Nd3+ 19. Kg2 Qe1 20. Bf1 Nf4#
0-1

[Event "Outra"]
[Site "http://www.queenalice.com/game.php?id=102676"]
[Date "2006.9.5"]
[Round "-"]
[White "Romulo"]
[Black "victor_cretinu"]
[Result "1-0"]
[WhiteElo "1326"]
[BlackElo "947"]

1. e4 b6 2. d4 Bb7 3. d5 Nf6 4. e5 Ng8 5. Nc3 h5 6. Nf3 Rh6 7. Bxh6 gxh6 8. Bd3
Na6 9. O-O Qc8 10. Nd4 d6 11. e6 fxe6 12. Bg6+ Kd7 13. dxe6+ Kd8 14. Qxh5 Bg7
15. Nf5 Bc6 16. Nxg7 Nf6 17. Qxh6 Nc5 18. Qh8+ Ne8 19. Bxe8 Bxe8 20. Qxe8# 1-0

[Event "Don Barzini"]
[Site "http://www.queenalice.com/game.php?id=105286"]
[Date "2006.9.13"]
[Round "-"]
[White "victor_cretinu"]
[Black "franzjonas"]
[Result "0-1"]
[WhiteElo "944"]
[BlackElo "1555"]

1. d4 Nf6 2. Bd2 d5 3. c3 Nc6 4. b4 e5 5. e3 Bd6 6. a3 Bf5 7. h4 e4 8. g3 Ng4 9.
Bh3 Qd7 10. Bf1 O-O 11. b5 Na5 12. Ra2 a6 13. Qa4 axb5 14. Qc2 c5 15. Nh3 Nc4
16. Bc1 b4 17. cxb4 cxb4 18. Nd2 Be6 19. axb4 Bxb4 20. Qb3 Nxf2 21. Bg2 Nxh1 22.
Bxh1 Qb5 23. Bg2 Bxd2+ 24. Bxd2 Qxb3 25. Ra1 Rxa1+ 26. Ke2 Bg4+ 27. Kf2 Nxd2 28.
Bf3 Rf1+ 29. Kg2 Bxf3+ 30. Kh2 Rh1# 0-1

[Event "Challenge"]
[Site "http://www.queenalice.com/game.php?id=118552"]
[Date "2006.10.18"]
[Round "-"]
[White "claudiocaire"]
[Black "victor_cretinu"]
[Result "1-0"]
[WhiteElo "1459"]
[BlackElo "944"]

1. c3 d6 2. Qb3 Be6 3. c4 Qd7 4. Qxb7 Qd8 5. Qxa8 Bxc4 6. Qxa7 Be6 7. e4 Bd7 8.
Bc4 e5 9. Qe3 h6 10. Qf3 f6 11. a4 Nc6 12. g4 Qb8 13. Nc3 Qb4 14. d3 g6 15. Rb1
Nd4 16. Qd1 h5 17. Bd2 hxg4 18. Nce2 Qc5 19. Nxd4 Qxd4 20. a5 Kd8 21. Be3 Qb6
22. axb6 cxb6 23. Bxb6+ Kc8 24. Ba6+ Kb8 25. Qc2 Ne7 26. Qc7+ Ka8 27. Qb7# 1-0

[Event "Campeonato"]
[Site "http://www.queenalice.com/game.php?id=123785"]
[Date "2006.10.31"]
[Round "-"]
[White "victor_cretinu"]
[Black "Biazi"]
[Result "0-1"]
[WhiteElo "929"]
[BlackElo "1901"]

1. e3 e5 2. Qh5 Nc6 3. Nc3 Nf6 4. Qf3 Be7 5. Nh3 d5 6. a4 Bg4 7. Qg3 h5 8. Rg1
h4 9. Qxg4 Nxg4 10. Rh1 d4 11. exd4 exd4 12. Ne2 d3 13. cxd3 Qxd3 14. Ra3 Bxa3
15. bxa3 O-O 16. Neg1 Rfe8+ 17. Ne2 Qc2 18. Nf4 Qxc1# 0-1

[Event "oscretinu"]
[Site "http://www.queenalice.com/game.php?id=123786"]
[Date "2006.10.31"]
[Round "-"]
[White "victor_cretinu"]
[Black "Romulo"]
[Result "0-1"]
[WhiteElo "929"]
[BlackElo "1382"]

1. e3 e5 2. Bb5 c6 3. Bd3 d5 4. c4 e4 5. Bc2 Nf6 6. Ba4 Bg4 7. f3 exf3 8. gxf3
Bh5 9. b3 Ne4 10. fxe4 Bxd1 11. Kxd1 dxc4 12. bxc4 Bb4 13. d3 Qxd3+ 14. Nd2 Bxd2
15. Bxd2 O-O 16. h4 Rd8 17. Ke1 Qxd2+ 18. Kf1 Qxe3 19. Rh3 Qxe4 20. Re1 Qxc4+
21. Kf2 Rd2+ 22. Ke3 Qd4+ 23. Kf3 Rd3+ 24. Kg2 Qg4+ 25. Kh2 Rd2+ 26. Re2 Rxe2+
27. Nxe2 Qxe2+ 28. Kh1 Nd7 29. Rh2 Qf1# 0-1

[Event "Challenge"]
[Site "http://www.queenalice.com/game.php?id=128644"]
[Date "2006.11.12"]
[Round "-"]
[White "IsraelRibeiro"]
[Black "victor_cretinu"]
[Result "1-0"]
[WhiteElo "1281"]
[BlackElo "929"]

1. e3 e5 2. Qf3 d6 3. Nh3 Nf6 4. Ng5 Bg4 5. Qg3 h5 6. Bc4 h4 7. Qxg4 Nxg4 8.
Nxf7 Qe7 9. Nxh8 d5 10. Bxd5 Qb4 11. Ng6 Be7 12. Nxe7 Qxe7 13. Bxb7 c6 14. Bxa8
Qf7 15. Rf1 Nxh2 16. Rh1 Ng4 17. Rxh4 Nh6 18. Rc4 Qxc4 19. b3 Qd5 20. c4 Qc5 21.
Ba3 Qb6 22. c5 Qb7 23. Bxb7 Kd8 24. Nc3 Nf5 25. Ne4 Nh4 26. Ke2 Kc7 27. Nd6 g6
28. Rh1 Nxg2 29. Rh7+ Nd7 30. b4 g5 31. b5 cxb5 32. c6 b4 33. Rxd7+ Kb6 34. c7
bxa3 35. c8=Q g4 36. Qc7# 1-0

[Event "Challenge"]
[Site "http://www.queenalice.com/game.php?id=142084"]
[Date "2006.12.15"]
[Round "-"]
[White "claudiocaire"]
[Black "victor_cretinu"]
[Result "1-0"]
[WhiteElo "1411"]
[BlackElo "929"]

1. c3 f6 2. Qb3 Nh6 3. Nf3 g5 4. d4 g4 5. Nh4 e5 6. dxe5 f5 7. Bxh6 Bxh6 8. Nxf5
Bg5 9. h4 Bc1 10. Nh6 Nc6 11. Qf7# 1-0

[Event "Challenge"]
[Site "http://www.queenalice.com/game.php?id=142085"]
[Date "2006.12.15"]
[Round "-"]
[White "claudiocaire"]
[Black "victor_cretinu"]
[Result "1-0"]
[WhiteElo "1413"]
[BlackElo "929"]

1. e4 e6 2. Qf3 Nc6 3. Qf4 e5 4. Qf3 Nh6 5. Bc4 g5 6. d3 g4 7. Qe2 a6 8. h3 f5
9. hxg4 fxg4 10. Bxh6 b5 11. Bd5 Rb8 12. Qxg4 Na7 13. Bg5 Be7 14. Qh5+ Kf8 15.
Qf7# 1-0

[Event "OsCretinuS"]
[Site "http://www.queenalice.com/game.php?id=149931"]
[Date "2007.1.4"]
[Round "-"]
[White "victor_cretinu"]
[Black "Biazi"]
[Result "0-1"]
[WhiteElo "926"]
[BlackElo "1901"]

1. Nc3 d5 2. e4 d4 3. Nd5 e6 4. Nf4 e5 5. Nfe2 Nf6 6. f3 Be7 7. g4 d3 8. cxd3
Qxd3 9. a3 Nxg4 10. fxg4 Bxg4 11. h3 Bh4+ 12. Ng3 Bxg3# 0-1

[Event "OsCretinuS"]
[Site "http://www.queenalice.com/game.php?id=149932"]
[Date "2007.1.4"]
[Round "-"]
[White "victor_cretinu"]
[Black "Biazi"]
[Result "0-1"]
[WhiteElo "926"]
[BlackElo "1901"]

1. Nc3 d5 2. d4 Nf6 3. Bf4 Bf5 4. e3 e6 5. Be5 Nbd7 6. h3 Nxe5 7. g4 Nexg4 8.
hxg4 Bxg4 9. f3 Bh5 10. Nh3 c5 11. a3 cxd4 12. Bb5+ Nd7 13. exd4 Qh4+ 14. Ke2
Qg3 15. Qf1 Bd6 16. Rg1 Qh4 17. Qc1 Qxh3 18. Rh1 Qxf3+ 19. Kd2 Bf4+ 20. Ke1
Qxh1+ 21. Kf2 Qh2+ 22. Ke1 Bg3+ 23. Kf1 Qf2# 0-1

[Event "OsCretinuS"]
[Site "http://www.queenalice.com/game.php?id=149933"]
[Date "2007.1.4"]
[Round "-"]
[White "victor_cretinu"]
[Black "Biazi"]
[Result "0-1"]
[WhiteElo "926"]
[BlackElo "1901"]

1. Nf3 d5 2. g4 Bxg4 3. h3 Bh5 4. Bg2 c5 5. d4 cxd4 6. Nxd4 e5 7. Nb3 Nf6 8. f3
Bc5 9. Nxc5 Nc6 10. b3 Qa5+ 11. Bd2 Qxc5 12. b4 Nxb4 13. c3 Nc6 14. Bc1 e4 15.
Ba3 Qb6 16. fxe4 dxe4 17. Nd2 e3 18. Nf1 Rd8 19. Qc1 Qa6 20. Qb2 Rd2 21. Nxd2
Qxe2# 0-1